Les Résidus urbains : (Record no. 12312)
[ view plain ]
| 000 -LEADER | |
|---|---|
| fixed length control field | 00561cam a2200193 a 4500 |
| 020 ## - INTERNATIONAL STANDARD BOOK NUMBER | |
| ISBN | 2852062607 (set) : |
| 020 ## - INTERNATIONAL STANDARD BOOK NUMBER | |
| ISBN | 2852062623 (v. 1) |
| 020 ## - INTERNATIONAL STANDARD BOOK NUMBER | |
| ISBN | 2852062615 (v. 2) |
| 040 ## - CATALOGING SOURCE | |
| Transcribing agency | DLC |
| 082 ## - DEWEY DECIMAL CLASSIFICATION NUMBER | |
| Classification number | 620 LAV 1985 A040 Or. |
| 245 04 - TITLE STATEMENT | |
| Title | Les Résidus urbains : |
| Remainder of title | travaux / |
| 250 ## - EDITION STATEMENT | |
| Edition statement | 2e éd. |
| 260 ## - PUBLICATION, DISTRIBUTION, ETC. (IMPRINT) | |
| Place of publication | Paris : |
| Name of publisher | Lavoisier, |
| Year of publication | c1985. |
| 300 ## - PHYSICAL DESCRIPTION | |
| Number of Pages | 2 v. : |
| Other physical details | ill. ; |
| Dimensions | 25 cm. |
| 650 #0 - SUBJECT ADDED ENTRY--TOPICAL TERM | |
| Topical Term | Refuse and refuse disposal. |
| 700 1# - ADDED ENTRY--PERSONAL NAME | |
| Personal name | Dorfmann, Roger. |
| 710 2# - ADDED ENTRY--CORPORATE NAME | |
| Corporate name or jurisdiction name as entry element | Association générale des hygiénistes et techniciens municipaux (France). |
| 942 ## - ADDED ENTRY ELEMENTS (KOHA) | |
| Koha item type | សៀវភៅភាសាបារាំង |
| 952 ## - LOCATION AND ITEM INFORMATION (KOHA) | |
| Withdrawn status [LOCAL, KOHA] | 0 |
| Permanent Location | Date acquired | Koha item type | Lost status | Shelving location | Barcode | Current Location | Full call number |
|---|---|---|---|---|---|---|---|
| Library Block A | 2017-08-11 | សៀវភៅភាសាបារាំង | A040 | A17553 | Library Block A | 620 LAV 1985 A040 Or. |